| 000 | 00578nam a22002057a 4500 | ||
|---|---|---|---|
| 005 | 20180510140034.0 | ||
| 008 | 180510b xxu||||| |||| 00| 0 eng d | ||
| 020 |
_a9789386392794 _c₹ 925.00 |
||
| 040 | _aLoreto College | ||
| 041 | _aEnglish | ||
| 082 |
_a791.4 _bSEN |
||
| 100 | _aSen, Meheli | ||
| 245 |
_aHaunting Bollywood _bGender, genre and the supernatural in hindi commercial cinema _cMeheli Sen |
||
| 260 |
_aHyderabad _bOrient Blackswan _c2017 |
||
| 300 |
_a251 p. _b24 cm |
||
| 504 | _aIncludes index | ||
| 650 | _aFilm Study | ||
| 850 | _aLCLIB | ||
| 942 | _cBK | ||
| 999 |
_c41551 _d92030 |
||